00179nam a22000857a 4500040000700000082000800007100001800015245002700033260003300060 cHS a636 aR.D. FRANDSON aAnatomy and physiology aColoradobR.D.FRANDSONc1974